000 00581nam a2200193Ia 4500
005 20250606123819.0
008 008 250516s9999 xx 000 0 eng d
020 _a9781538182772
040 _beng
_cSDCL
041 _aeng
_2eng
084 _aV1'P R4
100 _aMarks, Robert B.
_9248722
245 0 _aOrigins of the modern world :
_bA global and environmental narrative from the fifteenth to the twenty-first century
250 _a5th ed.
260 _aLanham :
_bRowman & Littlefield,
_c2024.
300 _axvii, 309p.
650 _aReference
942 _cTEXL
_2CC
999 _c1429616
_d1429616